00550 2200193 4500001002100000005001500021035002000036007000300056008004100059020002200100082001200122084001800134100003400152245005600186250000600242260004400248300004600292650001800338INLIS00000000000478220260703072159 a0010-0726000031ta260703 g 0 ind  a978-979-27-0814-1 a006.686 a006.686 WHI b0 aWhindy Yoevestian (pengarang)1 aBuku Latihan :bPhotoshop CS 3 /cWhindy Yoevestian a- aJakarta :bElex Media Komputindo,c2007 aix, 149 hal :bteks, tabel, ilus ;c21 cm 4aPhotoshop CS3